000
00223 a2200097 4500
001
16687
100
_a
Duke N & lanchbery E (Ed)
245
_a
The crowckd sky
260
_a
London
_b
Cassell london
_c
090
_c
12587
_d
12587
942
_a
NUST-CAE
_c
M
_c
2877
999
_c
251760
_d
251760